000 00808nam a22002417a 4500
003 BPGM
008 260618e1997 mx ode|g |||| 001 0 spa d
020 _a968-7377-16-X
040 _bspa
041 _aspa
_hspa
082 0 4 _2900
_a038
100 _aRESENDIZ GARCIA, FRANCISCO
_eAUTOR
245 _aMUNICIPIO DE TOLIMAN
250 _aPRIMERA EDICION
_b1997
260 _aMEXICO
_bGOBIERNO DE ESTADO DE QUERETARO
_c1997
300 _a199 paginas
_c21.1 cm x 13.8 cm
336 _2rdacontent
_atexto
_btxt
337 _2rdamedia
_asin mediación
_bn
338 _2rdacarrier
_avolumen
_bnc
505 _aes una crónica histórica y cultural que describe la evolución del municipio queretano desde sus orígenes hasta finales del siglo XX.
650 _2GEOGRAFÍA E HISTORIA
942 _2ddc
_cCOLQ
999 _c68630
_d68630